Statistiques concernant Les rois de France au règne le plus long

Cliquez ici pour prendre le quiz!

Statistiques générales

  • Ce quiz a été pris 660 fois
  • Le résultat moyen est 7 sur 10

Statistiques - réponses

RègneDuréeRoi% Correct
1643-171572 ans et 4 moisLouis XIV
99%
1715-177458 ans et 8 moisLouis XV
95%
1226-127043 ans et 10 moisLouis IX
84%
768-81445 ans et 4 moisCharlemagne
82%
1137-118043 ans et 2 moisLouis VII
70%
1380-142242 ans et 1 moisCharles VI
69%
1422-146138 ans et 9 moisCharles VII
66%
1180-122342 ans et 10 moisPhilippe II
65%
996-103134 ans et 9 moisRobert II
27%
1060-110848 ansPhilippe Ier
25%

Distribution des résultats

Percentile par nombre de réponses

% des personnes avec chaque résultat

Votre développement - résultats

Vous n’avez pas pris ce quiz